Paesi Confinanti di Paesi Confinanti - Morte Improvvisa - Statistics

Statistiche generali
  • Questo quiz è stato fatto 112 volte
  • Il punteggio medio è 6 su 16
Answers on the Grid
Answers color-coded by a green-red scale on the quiz's grid according to % correct below.
Italia
Germania
Regno Unito
Polonia
Islanda
Irlanda
Portogallo
Svezia
Estonia
Turchia
San Marino
Australia
Corea del Sud
Corea del Nord
Giappone
Indonesia
Cina
Stati Uniti
Canada
Messico
Brasile
Marocco
Gambia
Swaziland
Malawi
Tunisia
Libano
Armenia
 
Statistiche sulle risposte
Risposta % Corretto
Italia
93%
Germania
76%
Polonia
55%
Cina
33%
Estonia
33%
Turchia
31%
Brasile
29%
Corea del Nord
26%
Marocco
26%
Svezia
26%
Libano
24%
Malawi
24%
Armenia
21%
Tunisia
21%
Swaziland
19%
Messico
17%
Nessun quiz corrispondente trovato
Distribuzione punteggi
Percentuale di utenti per punteggio
Percentile per numero di risposta
I tuoi punteggi nel tempo
Non hai fatto questo quiz